Find the Blue Things (Blitz) Quiz Stats

 Plays Quiz Updated Jan 1, 2018

Score 0/21 Timer 01:00
2 Plays Today
% Correct
Cookie Monster
92.1%
Balloon
92%
Flag of Greece
91.9%
Crayon
91.8%
Water
91.7%
Facebook Logo
91.6%
Blue Morpho
Butterfly
91.3%
Denim
Jeans
91.3%
Smurf
91.2%
Sapphire
90.7%
M&M's
90.3%
% Correct
Twitter Logo
89.8%
Blue Whale
89.8%
Stitch
89.4%
Blueberries
89.3%
Ford Anglia
87%
Forget-Me-Not
86.2%
Blue-and-yellow
Macaw
83.4%
Blue Jay
81.7%
Na'vi
81.7%
Powder Blue Tang
68.6%

You're not logged in!

Compare scores with friends on all Sporcle quizzes.
OR
Log In

Show Comments

Extras

Top Quizzes Today


Score Distribution

Your Account Isn't Verified!

In order to create a playlist on Sporcle, you need to verify the email address you used during registration. Go to your Sporcle Settings to finish the process.

Report this User

Report this user for behavior that violates our Community Guidelines.

Details: